[Event "Sunningdale e2e4 op U1800 05"]
[Site "Sunningdale"]
[Date "2013.05.25"]
[Round "1"]
[White "Summerland, David"]
[Black "Bovtramovics, Vladimirs"]
[Result "0-1"]
[WhiteElo "1561"]
[BlackElo "1718"]
[PlyCount "74"]
[EventDate "2013.05.25"]
[EventType "swiss"]
[EventRounds "7"]
[EventCountry "ENG"]
[SourceTitle "EXT 2014"]
[Source "ChessBase"]
[SourceDate "2013.11.20"]
[SourceVersion "1"]
[SourceVersionDate "2013.11.20"]
[SourceQuality "1"]

1. e4 c5 2. Nf3 Nc6 3. d4 cxd4 4. Nxd4 e5 5. Nxc6 bxc6 6. Be3 Nf6 7. Bd3 d5 8. f3 Be7 9. 0-0 0-0 10. Nd2 h6 11. f4 Ng4 12. Qf3 Nxe3 13. Qxe3 exf4 14. Qxf4 Qb6+ 15. Kh1 Qxb2 16. Rab1 Qc3 17. Nf3 Qf6 18. Qe3 Qd6 19. e5 Qc5 20. Qf4 a5 21. h4 f6 22. Qg3 f5 23. Nd2 Qd4 24. Rf4 Qxe5 25. Re1 Qf6 26. Qe3 Bd6 27. Ra4 f4 28. Qf2 c5 29. c4 Qc3 30. Bg6 Bd7 31. cxd5 Bxa4 32. Ne4 Qe5 33. Ng5 Qxd5 34. Nh7 Qd4 35. Qe2 f3 36. Qe6+ Kh8 37. Nxf8 Qxh4+ 0-1